|
|
|
|
| LEADER |
00947nam a22002537a 4500 |
| 001 |
38615 |
| 003 |
BD-DhAAL |
| 008 |
220731t2019 bg ||||| b||| 00| 0 eng d |
| 999 |
|
|
|c 44700
|d 44700
|
| 020 |
|
|
|a 9789849424321
|
| 040 |
|
|
|a BD-DhAAL
|c BD-DhAAL
|
| 082 |
|
|
|a 332
|2 23
|
| 100 |
|
|
|a Ali, Syed Ashraf
|9 50465
|
| 245 |
|
|
|a Introduction to banking and finance /
|c Syed Ashraf Ali and R A Howlader
|
| 260 |
|
|
|a Dhaka :
|b Aloghar Prakashana,
|c 2019.
|
| 300 |
|
|
|a 359 pages ;
|c 23 cm.
|
| 504 |
|
|
|a Includes bibliographical references.
|
| 541 |
|
|
|a Donated By Akbar Ali Khan
|e 38615
|
| 650 |
|
|
|a Banks and banking.
|9 50466
|
| 650 |
|
|
|a Financial institutions.
|9 50467
|
| 700 |
|
|
|a Howlader, R A
|9 50468
|
| 852 |
|
|
|a Ayesha Abed Library
|c Akbar Ali Khan Collection
|
| 942 |
|
|
|2 ddc
|c BK
|
| 952 |
|
|
|0 0
|1 0
|2 ddc
|4 0
|6 332_000000000000000_ALI
|7 1
|9 71418
|a BRACUL
|b BRACUL
|c AAKC
|d 2022-07-31
|e Donated by Akbar Ali Khan
|l 0
|o 332 ALI
|p 3010038615
|r 2022-07-31
|t 1
|w 2022-07-31
|y BK
|